000 00203nam a22000977a 4500
999 _c12369
_d12369
020 _a9780131459540
082 _a658.8
100 _aNeil B. Holbert
245 _aPractical Marketing Research
942 _cBK